| 000 | 00969nam a2200253 a 4500 | ||
|---|---|---|---|
| 001 | 83867 | ||
| 003 | BD-RjUL | ||
| 005 | 20240602132628.0 | ||
| 008 | 240602s2003 bg a|||| m||| 00| 0 eng d | ||
| 035 | _a(BD-RjUL)83867 | ||
| 040 |
_aBD-RjUL _beng _cBD-RjUL _dBD-RjUL |
||
| 041 | _aeng | ||
| 082 |
_223 _a616.863 _bHAE 2003 |
||
| 100 | _aHasan, Md. Rashidul | ||
| 245 | 1 | 0 |
_aEvaluation of some Biochemical Changes in Phensedyl Abusers / _cBy Md. Rashidul Hasan ; _6Supervisor : Parvez Hassan, Supervisor : M Abdul Jalil Miah |
| 260 |
_aRajshahi : _bInstitute of Biological Sciences, University of Rajshahi, _c2003 |
||
| 300 |
_axx, 151 Leaves : _bill, ; _c29 cm. |
||
| 502 | _aThesis (Ph. D.) -- Institute of Biological Sciences, University of Rajshahi, 2003 | ||
| 504 | _aReferences : Leaves 127-147 | ||
| 650 |
_aDiseases _vEvaluation _913263 |
||
| 700 |
_aHassan, Parvez, Supervisor _98729 |
||
| 700 |
_aMiah, M Abdul Jalil, Supervisor _913264 |
||
| 942 |
_2ddc _cTHE |
||
| 999 |
_c83867 _d83867 |
||